000 00841nam a2200241 i 4500
001 5603
003 ES-MaACL
005 20230906144633.0
008 881219s1987 sp |||| | spa d
020 _a84-239-6190-7
080 _a330.342.23
100 1 _aElzaburu Márquez, Fernando de.
_947131
245 1 3 _aLa crisis mundial
_b: de la incertidumbre a la esperanza /
_cFernando de Elzaburu Márquez, Jesús Martitegui Susunaga.
260 _aMadrid :
_bEspasa-Calpe,
_c[1987]
300 _a468 p. ;
_c24 cm.
490 1 _aNueva Europa ;
_v6
650 4 _aEconomía mundial-
_y1945-1989.
_9152137
650 1 4 _aSociedad postindustrial.
_917176
700 1 _aMartitegui Susunaga, Jesús.
_978518
830 1 _aNueva Europa ;
_v6
_9180845
852 _aES-MaACL
_jL-12376
_z- Dedicatoria autógrafa del autor
999 _c5603
_d5603